[Event "Ceriano Laghetto op-A 24th"]
[Site "Ceriano Laghetto"]
[Date "2015.03.08"]
[Round "4"]
[White "Tomba, Ivan"]
[Black "Lapiccirella, Mattia"]
[Result "1-0"]
[WhiteElo "2251"]
[BlackElo "2201"]
[PlyCount "103"]
[EventDate "2015.03.06"]
[EventType "swiss"]
[EventRounds "5"]
[EventCountry "ITA"]
[SourceTitle "EXT 2017"]
[Source "ChessBase"]
[SourceDate "2016.10.25"]
[SourceVersion "1"]
[SourceVersionDate "2016.10.25"]
[SourceQuality "1"]

1. e4 e6 2. Nf3 d5 3. Nc3 Nf6 4. e5 Nfd7 5. d4 c5 6. dxc5 Bxc5 7. Bd3 Nc6 8. Qe2 a6 9. Bf4 Nb6 10. Ng5 g6 11. Nf3 h6 12. h4 Qe7 13. 0-0-0 Bd7 14. Kb1 Rc8 15. Qe1 Nd4 16. Nh2 Na4 17. Nxa4 Bxa4 18. Ng4 Bb4 19. c3 Bxd1 20. Qxd1 Bxc3 21. bxc3 Rxc3 22. Qa4+ Nc6 23. Nf6+ Kf8 24. Rh3 b5 25. Bxb5 Rxh3 26. Bxc6 Rh1+ 27. Kb2 Kg7 28. Ne8+ Kh7 29. g3 Re1 30. Be3 Rxe8 31. Bxe8 Qc7 32. Qb4 Qxe5+ 33. Ka3 Rd1 34. Bxf7 Rd3+ 35. Ka4 Qc7 36. Be8 a5 37. Qc5 Qxc5 38. Bxc5 Rd2 39. a3 e5 40. Kxa5 d4 41. Kb4 Rxf2 42. a4 Rc2 43. a5 d3 44. Ba4 Ra2 45. Bb3 d2 46. Kc3 Rxa5 47. Be3 h5 48. Kxd2 Kg7 49. Bc2 Ra3 50. Ke2 Rc3 51. Be4 Ra3 52. Kf3 1-0

[Event "Ceriano Laghetto op-A 23rd"]
[Site "Ceriano Laghetto"]
[Date "2014.03.16"]
[Round "5"]
[White "Salvador, Roland"]
[Black "Lapiccirella, Mattia"]
[Result "1/2-1/2"]
[WhiteElo "2462"]
[BlackElo "2171"]
[PlyCount "73"]
[EventDate "2014.03.14"]
[EventType "swiss"]
[EventRounds "5"]
[EventCountry "ITA"]
[SourceTitle "EXT 2015"]
[Source "ChessBase"]
[SourceDate "2014.11.20"]
[SourceVersion "1"]
[SourceVersionDate "2014.11.20"]
[SourceQuality "1"]

1. c4 Nf6 2. Nc3 e6 3. e4 d5 4. e5 Nfd7 5. cxd5 exd5 6. d4 c5 7. Nf3 Nc6 8. dxc5 Bxc5 9. Qxd5 Qb6 10. Bc4 Bxf2+ 11. Ke2 0-0 12. Na4 Qb4 13. Kxf2 Qxa4 14. b3 Qb4 15. a3 Qc5+ 16. Qxc5 Nxc5 17. b4 Be6 18. Bxe6 Nxe6 19. Bb2 Rfd8 20. Rad1 Rxd1 21. Rxd1 Rd8 22. Rxd8+ Ncxd8 23. Ke3 Kf8 24. g3 Ke7 25. Kd3 Kd7 26. Kc4 Nc6 27. Nd2 Ne7 28. a4 Nc8 29. a5 a6 30. Ne4 Kc6 31. Nc3 b5+ 32. Kd3 Ne7 33. Ke4 Ng5+ 34. Kf4 Ne6+ 35. Ke4 Ng5+ 36. Kf4 Ne6+ 37. Ke4 1/2-1/2

[Event "Ceriano Laghetto op 22nd"]
[Site "Ceriano Laghetto"]
[Date "2013.03.03"]
[Round "5"]
[White "Lapiccirella, Mattia"]
[Black "Razzano, Lorenzo"]
[Result "1-0"]
[WhiteElo "2191"]
[BlackElo "2007"]
[PlyCount "105"]
[EventDate "2013.03.01"]
[EventType "swiss"]
[EventRounds "5"]
[EventCountry "ITA"]
[SourceTitle "EXT 2014"]
[Source "ChessBase"]
[SourceDate "2013.11.20"]
[SourceVersion "1"]
[SourceVersionDate "2013.11.20"]
[SourceQuality "1"]

1. c4 g6 2. Nc3 Bg7 3. g3 d6 4. Bg2 e5 5. d3 Nc6 6. Rb1 Nf6 7. Nf3 0-0 8. Bg5 h6 9. Bxf6 Bxf6 10. Nd5 Bg7 11. 0-0 Ne7 12. Nd2 c6 13. Nxe7+ Qxe7 14. b4 Be6 15. b5 d5 16. bxc6 bxc6 17. Qa4 Rac8 18. Qa6 Rc7 19. Rfc1 Rd8 20. Qa5 Rdc8 21. Rb3 f5 22. e3 e4 23. d4 g5 24. Rbc3 f4 25. cxd5 Bxd5 26. Qc5 Qxc5 27. Rxc5 fxe3 28. fxe3 Bf8 29. R5c2 Ba3 30. Rb1 Re8 31. Bf1 Rf7 32. Nc4 Bf8 33. Ne5 Rf3 34. Nxf3 exf3 35. Rc3 Bxa2 36. Rb2 Bd5 37. Kf2 a5 38. Bc4 Bb4 39. Bxd5+ cxd5 40. Rc6 Kg7 41. Kxf3 g4+ 42. Ke2 h5 43. Rc7+ Kf6 44. Rd7 h4 45. gxh4 Rh8 46. Rxd5 Rxh4 47. Kd3 Ke6 48. Rg5 Kf6 49. Rb5 Bd6 50. Rxa5 Bxh2 51. Rb6+ Ke7 52. Ra7+ Kd8 53. Rg6 1-0

[Event "Milan Crespi op-B 33rd"]
[Site "Milan"]
[Date "2012.12.07"]
[Round "8"]
[White "Novelli, Cristiano"]
[Black "Lapiccirella, Mattia"]
[Result "0-1"]
[WhiteElo "2051"]
[BlackElo "2197"]
[PlyCount "90"]
[EventDate "2012.12.01"]
[EventType "swiss"]
[EventRounds "9"]
[EventCountry "ITA"]
[SourceTitle "EXT 2014"]
[Source "ChessBase"]
[SourceDate "2013.11.20"]
[SourceVersion "1"]
[SourceVersionDate "2013.11.20"]
[SourceQuality "1"]

1. e4 c5 2. Nc3 Nc6 3. g3 g6 4. Bg2 Bg7 5. d3 d6 6. Be3 e6 7. Qd2 Qa5 8. Nge2 Nd4 9. 0-0 Ne7 10. Kh1 Bd7 11. a3 Nxe2 12. Qxe2 0-0 13. Qd2 Nc6 14. Bh6 Nd4 15. Rac1 Rab8 16. Rfe1 Qc7 17. g4 Bc6 18. Bxg7 Kxg7 19. Re3 f6 20. Rh3 Kg8 21. Re1 b5 22. Nd1 b4 23. axb4 cxb4 24. Ne3 a5 25. Nc4 a4 26. Rh6 Bb5 27. f4 Bxc4 28. dxc4 e5 29. f5 g5 30. h4 Qg7 31. hxg5 Qxg5 32. Qxg5+ fxg5 33. Rxd6 Nxc2 34. Rc1 b3 35. Rd2 Rfd8 36. Rdxc2 bxc2 37. Rxc2 Rd1+ 38. Kh2 Rb1 39. c5 R1xb2 40. Rc3 R2b3 41. Rc1 a3 42. Bf1 Rb2+ 43. Kg1 a2 44. c6 Rb1 45. c7 Rc8 0-1

[Event "Vimercate op 5th"]
[Site "Vimercate"]
[Date "2011.11.27"]
[Round "5"]
[White "Sala, Giovanni"]
[Black "Lapiccirella, Mattia"]
[Result "1/2-1/2"]
[WhiteElo "1985"]
[BlackElo "2209"]
[PlyCount "38"]
[EventDate "2011.11.25"]
[EventType "swiss"]
[EventRounds "5"]
[EventCountry "ITA"]
[SourceTitle "EXT 2014"]
[Source "ChessBase"]
[SourceDate "2013.11.20"]
[SourceVersion "1"]
[SourceVersionDate "2013.11.20"]
[SourceQuality "1"]

1. c4 Nf6 2. g3 c5 3. Bg2 e6 4. Nf3 a6 5. 0-0 Qc7 6. Nc3 Be7 7. b3 0-0 8. Bb2 d6 9. d4 cxd4 10. Nxd4 Nc6 11. Rc1 Ne5 12. Qd2 Bd7 13. h3 Rac8 14. e4 Qb8 15. a4 Rfd8 16. Ba3 Bf8 17. Rfd1 Nc6 18. Qb2 h6 19. Rd2 Nxd4 1/2-1/2

[Event "Milan Crespi op-A 31st"]
[Site "Milan"]
[Date "2010.12.10"]
[Round "8"]
[White "Quaranta, Cristiano"]
[Black "Lapiccirella, Mattia"]
[Result "1/2-1/2"]
[WhiteElo "2131"]
[BlackElo "2212"]
[PlyCount "57"]
[EventDate "2010.12.04"]
[EventType "swiss"]
[EventRounds "9"]
[EventCountry "ITA"]
[SourceTitle "CBM 139 Extra"]
[Source "ChessBase"]
[SourceDate "2011.01.05"]
[SourceVersion "1"]
[SourceVersionDate "2011.01.05"]
[SourceQuality "1"]

1. d4 c5 2. d5 e6 3. c4 Nf6 4. Nc3 d6 5. Nf3 exd5 6. cxd5 g6 7. g3 Bg7 8. Bg2 0-0 9. 0-0 Re8 10. Nd2 a6 11. a4 Nbd7 12. h3 Rb8 13. Nc4 Nb6 14. Na3 Bd7 15. e4 Nc8 16. Qd3 Qe7 17. Re1 b5 18. axb5 axb5 19. Naxb5 Bxb5 20. Nxb5 Nxd5 21. Nxd6 Qxd6 22. Rd1 Nc3 23. bxc3 Bxc3 24. Bf4 Qxd3 25. Rxd3 Bxa1 26. Bxb8 Ne7 27. Bf4 Bd4 28. Be3 Nc6 29. Bxd4 1/2-1/2

[Event "Milan Crespi op-A 31st"]
[Site "Milan"]
[Date "2010.12.09"]
[Round "7"]
[White "Lapiccirella, Mattia"]
[Black "Salmoiraghi, Angelo"]
[Result "1/2-1/2"]
[WhiteElo "2212"]
[BlackElo "2139"]
[PlyCount "35"]
[EventDate "2010.12.04"]
[EventType "swiss"]
[EventRounds "9"]
[EventCountry "ITA"]
[SourceTitle "CBM 139 Extra"]
[Source "ChessBase"]
[SourceDate "2011.01.05"]
[SourceVersion "1"]
[SourceVersionDate "2011.01.05"]
[SourceQuality "1"]

1. d4 Nf6 2. c4 c5 3. d5 e5 4. Nc3 d6 5. e4 Nbd7 6. Nf3 Be7 7. Be2 0-0 8. 0-0 Ne8 9. Ne1 Bg5 10. Nd3 Bxc1 11. Qxc1 Qe7 12. a3 g6 13. b4 b6 14. Re1 Ng7 15. Rb1 Ba6 16. bxc5 bxc5 17. Nb5 Nb6 18. f4 1/2-1/2

[Event "Milan Crespi op-A 31st"]
[Site "Milan"]
[Date "2010.12.07"]
[Round "9"]
[White "Lapiccirella, Mattia"]
[Black "D'Alessio, Angelo"]
[Result "1-0"]
[WhiteElo "2212"]
[BlackElo "2030"]
[PlyCount "133"]
[EventDate "2010.12.04"]
[EventType "swiss"]
[EventRounds "9"]
[EventCountry "ITA"]
[SourceTitle "CBM 139 Extra"]
[Source "ChessBase"]
[SourceDate "2011.01.05"]
[SourceVersion "1"]
[SourceVersionDate "2011.01.05"]
[SourceQuality "1"]

1. d4 Nf6 2. c4 e6 3. Nf3 b6 4. g3 Ba6 5. Qa4 Bb7 6. Bg2 c5 7. dxc5 Bxc5 8. Nc3 0-0 9. 0-0 Na6 10. Rd1 Be7 11. Be3 Nc5 12. Bxc5 Bxc5 13. Ne5 Bxg2 14. Kxg2 d5 15. cxd5 exd5 16. Nc6 Qd7 17. Nd4 Qb7 18. Qc6 Qxc6 19. Nxc6 Rfc8 20. Nd4 Bb4 21. Na4 g6 22. Rac1 Bf8 23. f3 h5 24. Rc3 Rxc3 25. Nxc3 Bb4 26. Rd3 Rc8 27. Kf2 Kf8 28. Nc2 Bxc3 29. Rxc3 Rxc3 30. bxc3 Ke8 31. Ke3 Kd7 32. Kd4 Kd6 33. Ne3 Ke6 34. h3 g5 35. g4 hxg4 36. hxg4 Kd6 37. Nf5+ Ke6 38. Ne3 Kd6 39. Nf5+ Ke6 40. e3 Ne8 41. f4 f6 42. Ng3 Nc7 43. a4 gxf4 44. exf4 a5 45. f5+ Kd6 46. c4 dxc4 47. Ne4+ Ke7 48. Kxc4 Kf7 49. Nd6+ Kg7 50. Ne4 Kf7 51. Nd6+ Kg7 52. Nb5 Na6 53. Nd4 Nc5 54. Ne6+ Kh6 55. Nxc5 bxc5 56. Kxc5 Kg5 57. Kb5 Kxg4 58. Kxa5 Kxf5 59. Kb6 Kg4 60. a5 f5 61. a6 f4 62. a7 Kg3 63. a8Q f3 64. Qg8+ Kf2 65. Kc5 Kf1 66. Qc4+ Ke1 67. Qe4+ 1-0

[Event "Ceriano Laghetto op-A 18th"]
[Site "Ceriano Laghetto"]
[Date "2009.03.29"]
[Round "5"]
[White "Lapiccirella, Mattia"]
[Black "Cazzaniga, Walter"]
[Result "1/2-1/2"]
[WhiteElo "2233"]
[BlackElo "2192"]
[PlyCount "62"]
[EventDate "2009.03.27"]
[EventType "swiss"]
[EventRounds "5"]
[EventCountry "ITA"]
[SourceTitle "EXT 2011"]
[Source "ChessBase"]
[SourceDate "2010.11.26"]
[SourceVersion "1"]
[SourceVersionDate "2010.11.26"]
[SourceQuality "1"]

1. d4 d5 2. c4 c6 3. Nf3 e6 4. e3 f5 5. Bd3 Nf6 6. 0-0 Bd6 7. b3 Qe7 8. Bb2 0-0 9. Qc1 Ne4 10. Ba3 Bxa3 11. Qxa3 Qf6 12. b4 Nd7 13. b5 c5 14. Nc3 Nxc3 15. Qxc3 b6 16. cxd5 exd5 17. Rfc1 c4 18. Bf1 Bb7 19. Ne5 Qe6 20. a4 a5 21. g3 Nf6 22. f3 Rac8 23. Bg2 Rc7 24. Ra2 Kh8 25. h3 g5 26. Rf1 Nh5 27. Kh2 f4 28. exf4 gxf4 29. g4 Ng3 30. Re1 Qf6 31. Rc2 Rg7 1/2-1/2

[Event "Ceriano Laghetto op"]
[Site "Ceriano Laghetto"]
[Date "2008.02.19"]
[Round "3"]
[White "Guzzetti, Luigi Enrico"]
[Black "Lapiccirella, Mattia"]
[Result "0-1"]
[WhiteElo "1933"]
[BlackElo "2240"]
[PlyCount "46"]
[EventDate "2008.02.05"]
[EventType "swiss"]
[EventRounds "6"]
[EventCountry "ITA"]
[SourceTitle "EXT 2010"]
[Source "ChessBase"]
[SourceDate "2010.11.25"]
[SourceVersion "1"]
[SourceVersionDate "2010.11.25"]
[SourceQuality "1"]

1. e4 c5 2. Nf3 Nc6 3. d4 cxd4 4. Nxd4 Nf6 5. Nc3 d6 6. Be2 e6 7. Be3 Be7 8. Qd2 a6 9. 0-0 Qc7 10. a4 0-0 11. f3 Re8 12. g4 b6 13. g5 Nd7 14. f4 Bb7 15. f5 Nxd4 16. Bxd4 Bf8 17. f6 d5 18. fxg7 Bc5 19. Bh5 Re7 20. exd5 exd5 21. Rae1 Ne5 22. Rxe5 Qxe5 23. Bxc5 bxc5 0-1

[Event "Ceriano Laghetto Inverno op"]
[Site "Ceriano Laghetto"]
[Date "2007.02.13"]
[Round "6"]
[White "Lapiccirella, Mattia"]
[Black "Regorda, Vittorio"]
[Result "1-0"]
[WhiteElo "2237"]
[BlackElo "1891"]
[PlyCount "59"]
[EventDate "2007.01.09"]
[EventType "swiss"]
[EventRounds "6"]
[EventCountry "ITA"]
[SourceTitle "EXT 2008"]
[Source "ChessBase"]
[SourceDate "2007.11.25"]
[SourceVersion "1"]
[SourceVersionDate "2007.11.25"]
[SourceQuality "1"]

1. d4 Nf6 2. c4 g6 3. Nc3 Bg7 4. e4 d6 5. Be2 0-0 6. Nf3 e5 7. d5 c6 8. 0-0 cxd5 9. cxd5 a6 10. a4 b6 11. Be3 Nbd7 12. b4 Bb7 13. Nd2 Rc8 14. Nc4 Ne8 15. Qd2 a5 16. Nb5 Ba6 17. bxa5 Nc5 18. Bxc5 bxc5 19. Nb6 Rb8 20. Na7 Bb7 21. Bb5 Nf6 22. Rfe1 Qc7 23. Bc6 Ba6 24. Nb5 Qe7 25. Nc4 Rfd8 26. Rab1 Bf8 27. f3 Ne8 28. Nba3 Qc7 29. Rb6 Bc8 30. Nb5 1-0

[Event "Ceriano Laghetto Autunno op"]
[Site "Ceriano Laghetto"]
[Date "2006.11.28"]
[Round "4"]
[White "Tomasetto, Mauro"]
[Black "Lapiccirella, Mattia"]
[Result "0-1"]
[WhiteElo "1641"]
[BlackElo "2237"]
[PlyCount "58"]
[EventDate "2006.11.07"]
[EventType "swiss"]
[EventRounds "6"]
[EventCountry "ITA"]
[SourceTitle "EXT 2011"]
[Source "ChessBase"]
[SourceDate "2010.11.26"]
[SourceVersion "1"]
[SourceVersionDate "2010.11.26"]
[SourceQuality "1"]

1. d4 Nf6 2. c4 c5 3. d5 g6 4. Nc3 d6 5. e4 Bg7 6. f3 0-0 7. Bg5 e6 8. Qd2 exd5 9. cxd5 a6 10. a4 h6 11. Be3 Nbd7 12. Nh3 Kh7 13. Be2 Ne5 14. Nf2 Qa5 15. Ra3 Qb4 16. Qc2 Qa5 17. 0-0 Qd8 18. Qd2 g5 19. Kh1 Bd7 20. Rfa1 Rb8 21. a5 Ne8 22. f4 gxf4 23. Bxf4 Qh4 24. Bg3 Qf6 25. Rf1 Qg6 26. Nd3 Nc4 27. Nf4 Nxd2 28. Nxg6 fxg6 29. Rd1 Bxc3 0-1

[Event "Monza op"]
[Site "Monza"]
[Date "2006.03.26"]
[Round "5"]
[White "Lapiccirella, Mattia"]
[Black "Pelizzola, Danilo"]
[Result "1-0"]
[WhiteElo "2243"]
[BlackElo "2015"]
[PlyCount "77"]
[EventDate "2006.03.18"]
[EventType "swiss"]
[EventRounds "6"]
[EventCountry "ITA"]
[SourceTitle "EXT 2007"]
[Source "ChessBase"]
[SourceDate "2006.11.23"]
[SourceVersion "1"]
[SourceVersionDate "2006.11.23"]
[SourceQuality "1"]

1. d4 Nf6 2. c4 e6 3. Nf3 b6 4. g3 Bb7 5. Bg2 Be7 6. 0-0 0-0 7. Re1 c5 8. Nc3 d6 9. d5 e5 10. e4 Ne8 11. Nd2 Nd7 12. f4 Bf6 13. Nf3 Qe7 14. f5 Kh8 15. g4 g5 16. h4 Rg8 17. hxg5 Bxg5 18. Nxg5 Rxg5 19. Kf2 Nc7 20. Rh1 Rag8 21. Bf3 Ba6 22. b3 Bc8 23. Bxg5 Rxg5 24. Qd2 f6 25. Rh5 Nf8 26. Rah1 Rg7 27. g5 fxg5 28. Rg1 Ne8 29. Rhxg5 Rxg5 30. Qxg5 Qxg5 31. Rxg5 Bd7 32. Bh5 Nf6 33. Bf7 a5 34. Ke3 Be8 35. Bxe8 Nxe8 36. Nb5 Nd7 37. a3 Ndf6 38. Rg1 Nd7 39. Na7 1-0

[Event "Monza op"]
[Site "Monza"]
[Date "2006.03.19"]
[Round "2"]
[White "Cardani, Roberto"]
[Black "Lapiccirella, Mattia"]
[Result "1/2-1/2"]
[WhiteElo "1854"]
[BlackElo "2243"]
[PlyCount "50"]
[EventDate "2006.03.18"]
[EventType "swiss"]
[EventRounds "6"]
[EventCountry "ITA"]
[SourceTitle "EXT 2007"]
[Source "ChessBase"]
[SourceDate "2006.11.23"]
[SourceVersion "1"]
[SourceVersionDate "2006.11.23"]
[SourceQuality "1"]

1. e4 c5 2. Nf3 Nc6 3. d4 cxd4 4. Nxd4 Nf6 5. Nc3 d6 6. Bg5 e6 7. Qd2 a6 8. 0-0-0 Nxd4 9. Qxd4 Be7 10. f4 b5 11. Bxf6 gxf6 12. e5 d5 13. Kb1 Bb7 14. f5 fxe5 15. Qxe5 Bf6 16. Qg3 Qe7 17. fxe6 fxe6 18. Be2 h5 19. a4 h4 20. Qg6+ Qf7 21. Qxf7+ Kxf7 22. axb5 Bxc3 23. bxc3 axb5 24. Rhf1+ Ke7 25. Bxb5 Ba6 1/2-1/2

[Event "Lombardia-ch"]
[Site "Monza"]
[Date "2005.05.22"]
[Round "5"]
[White "Nardone, Massimo"]
[Black "Lapiccirella, Mattia"]
[Result "1/2-1/2"]
[WhiteElo "1903"]
[BlackElo "2220"]
[PlyCount "64"]
[EventDate "2005.05.14"]
[EventType "swiss"]
[EventRounds "6"]
[EventCountry "ITA"]
[SourceTitle "EXT 2007"]
[Source "ChessBase"]
[SourceDate "2006.11.23"]
[SourceVersion "1"]
[SourceVersionDate "2006.11.23"]
[SourceQuality "1"]

1. c4 c5 2. Nf3 Nf6 3. g3 b6 4. Bg2 Bb7 5. 0-0 e6 6. d4 cxd4 7. Nxd4 Bxg2 8. Kxg2 Qc7 9. b3 a6 10. Bb2 Nc6 11. Nd2 Nxd4 12. Bxd4 Be7 13. Nf3 0-0 14. Qd3 Qb7 15. Rac1 Rad8 16. c5 bxc5 17. Bxc5 d6 18. Ba3 e5 19. Qb1 Ne4 20. Kg1 f5 21. Rc2 d5 22. Bxe7 Qxe7 23. Rfc1 Nd6 24. Rc7 Qf6 25. Qb2 d4 26. R1c6 g5 27. Qa3 h6 28. Nd2 e4 29. Nc4 Nxc4 30. Rxf6 Nxa3 31. Rg6+ Kh8 32. Rxh6+ Kg8 1/2-1/2

[Event "Lombardia-ch"]
[Site "Monza"]
[Date "2005.05.15"]
[Round "3"]
[White "Molteni, Costantino"]
[Black "Lapiccirella, Mattia"]
[Result "0-1"]
[WhiteElo "1986"]
[BlackElo "2220"]
[PlyCount "72"]
[EventDate "2005.05.14"]
[EventType "swiss"]
[EventRounds "6"]
[EventCountry "ITA"]
[SourceTitle "EXT 2007"]
[Source "ChessBase"]
[SourceDate "2006.11.23"]
[SourceVersion "1"]
[SourceVersionDate "2006.11.23"]
[SourceQuality "1"]

1. Nf3 c5 2. c4 Nf6 3. g3 b6 4. Bg2 Bb7 5. 0-0 e6 6. b3 Be7 7. Bb2 0-0 8. Nc3 a6 9. d4 cxd4 10. Nxd4 Bxg2 11. Kxg2 Qc7 12. e4 d6 13. Rc1 Qb7 14. Qe2 Nc6 15. Nxc6 Qxc6 16. Rfd1 Rac8 17. f3 Rfd8 18. Rd2 Ne8 19. Rcd1 Bf6 20. Na4 b5 21. Bxf6 gxf6 22. Nb2 Qb6 23. cxb5 axb5 24. a4 bxa4 25. bxa4 Rc3 26. Rc2 Rdc8 27. Rdc1 Qb3 28. Rxc3 Rxc3 29. Rxc3 Qxc3 30. Qb5 Nc7 31. Qb6 d5 32. exd5 Nxd5 33. Qb5 Qd2+ 34. Kh3 Ne3 35. Qb8+ Kg7 36. g4 e5 0-1

[Event "Lombardia-ch"]
[Site "Monza"]
[Date "2005.05.14"]
[Round "1"]
[White "Cammarota, Vittorio"]
[Black "Lapiccirella, Mattia"]
[Result "0-1"]
[WhiteElo "1709"]
[BlackElo "2220"]
[PlyCount "62"]
[EventDate "2005.05.14"]
[EventType "swiss"]
[EventRounds "6"]
[EventCountry "ITA"]
[SourceTitle "EXT 2007"]
[Source "ChessBase"]
[SourceDate "2006.11.23"]
[SourceVersion "1"]
[SourceVersionDate "2006.11.23"]
[SourceQuality "1"]

1. d4 Nf6 2. Nf3 c5 3. e3 e6 4. c3 b6 5. Nbd2 Bb7 6. Bd3 Be7 7. Qe2 Nc6 8. 0-0 Qc7 9. Rd1 0-0 10. h3 d5 11. dxc5 bxc5 12. e4 Rfe8 13. b3 a5 14. Bb2 a4 15. g4 Nd7 16. Nf1 Nde5 17. Bc2 a3 18. Bc1 Ba6 19. Qe3 d4 20. Qf4 Bd6 21. cxd4 Nxf3+ 22. Qxf3 Nxd4 23. Rxd4 cxd4 24. Qd1 Rec8 25. Bd3 Qc3 26. Bxa6 Qxa1 27. Bc4 Bf4 28. Nd2 Qxa2 29. Kg2 Bxd2 30. Bxd2 Rxc4 31. bxc4 Qxc4 0-1

[Event "Corsico 2nd"]
[Site "Corsico"]
[Date "2004.10.09"]
[Round "5"]
[White "Lapiccirella, Mattia"]
[Black "Sbarra, Marco"]
[Result "1/2-1/2"]
[WhiteElo "2236"]
[BlackElo "2231"]
[PlyCount "178"]
[EventDate "2004.10.02"]
[EventType "tourn"]
[EventRounds "7"]
[EventCountry "ITA"]
[SourceTitle "EXT 2008"]
[Source "ChessBase"]
[SourceDate "2007.11.25"]
[SourceVersion "1"]
[SourceVersionDate "2007.11.25"]
[SourceQuality "1"]

1. d4 d5 2. c4 e6 3. Nf3 c5 4. cxd5 exd5 5. e3 Nc6 6. Be2 Nf6 7. 0-0 Bd6 8. dxc5 Bxc5 9. Nc3 0-0 10. a3 a6 11. b4 Ba7 12. Bb2 Be6 13. Rc1 Qd6 14. Na4 Ne4 15. Nd4 Bb8 16. f4 Ba7 17. Qd3 Rac8 18. Bf3 b5 19. Nxc6 Rxc6 20. Rxc6 Qxc6 21. Rc1 Qd7 22. Nc5 Nxc5 23. bxc5 Rc8 24. Bd4 Rc6 25. e4 dxe4 26. Bxe4 Rc7 27. Bxh7+ Kh8 28. Be4 f5 29. Bf3 Bxc5 30. Rd1 Bxd4+ 31. Qxd4 Qxd4+ 32. Rxd4 a5 33. Rd6 Bc4 34. Rb6 Rd7 35. Rb8+ Kh7 36. Bc6 Rd1+ 37. Kf2 Rd2+ 38. Kg3 Rd3+ 39. Kh4 Rxa3 40. Kg5 Bf7 41. Rxb5 Rc3 42. Bd7 Bg6 43. Rxa5 Rc2 44. g3 Rxh2 45. Bxf5 Bxf5 46. Rxf5 Rg2 47. g4 Rg1 48. Rf7 Ra1 49. Re7 Rb1 50. f5 Rf1 51. Rf7 Ra1 52. Re7 Rf1 53. Re8 Rg1 54. Rf8 Rh1 55. Rf7 Ra1 56. Rb7 Rf1 57. Rb3 Ra1 58. Re3 Rg1 59. Rh3+ Kg8 60. Kf4 Ra1 61. Re3 Kf7 62. g5 Rf1+ 63. Rf3 Ra1 64. Rd3 Rf1+ 65. Ke4 Re1+ 66. Re3 Rg1 67. Kf4 Rf1+ 68. Ke4 Ra1 69. Ke5 Ra5+ 70. Kf4 Ra4+ 71. Re4 Ra1 72. g6+ Kf8 73. Re5 Ra4+ 74. Re4 Ra1 75. Rc4 Rf1+ 76. Ke5 Re1+ 77. Re4 Ra1 78. Kd5 Ra5+ 79. Kd6 Ra6+ 80. Ke5 Ra5+ 81. Kf4 Ra1 82. Re5 Ra4+ 83. Kg5 Ra1 84. Re3 Rg1+ 85. Kf4 Ra1 86. Rc3 Rf1+ 87. Ke5 Re1+ 88. Kd6 Rd1+ 89. Ke5 Re1+ 1/2-1/2

[Event "Corsico 2nd"]
[Site "Corsico"]
[Date "2004.10.09"]
[Round "6"]
[White "Pace, Pietro Dario"]
[Black "Lapiccirella, Mattia"]
[Result "1-0"]
[WhiteElo "2130"]
[BlackElo "2236"]
[PlyCount "103"]
[EventDate "2004.10.02"]
[EventType "tourn"]
[EventRounds "7"]
[EventCountry "ITA"]
[SourceTitle "EXT 2008"]
[Source "ChessBase"]
[SourceDate "2007.11.25"]
[SourceVersion "1"]
[SourceVersionDate "2007.11.25"]
[SourceQuality "1"]

1. e4 c5 2. Nf3 Nc6 3. d4 cxd4 4. Nxd4 Nf6 5. Nc3 d6 6. Bg5 e6 7. Qd2 a6 8. 0-0-0 Nxd4 9. Qxd4 Be7 10. f4 b5 11. Bxf6 gxf6 12. Be2 Bb7 13. Bf3 Qc7 14. f5 h5 15. Kb1 Qc5 16. Qd3 Bc6 17. Ne2 e5 18. Nc3 Rc8 19. Qe2 h4 20. Nd5 Bxd5 21. Rxd5 Qc4 22. Qf2 Qc6 23. Rhd1 Kd7 24. c3 Kc7 25. Be2 Qb6 26. Qf3 Kb7 27. b4 Rc6 28. Kb2 Rhc8 29. Rc1 Bf8 30. Rc2 Bh6 31. Rd3 R8c7 32. Bd1 Qg1 33. Rf2 Qxh2 34. Bb3 Qf4 35. Qxf4 Bxf4 36. Bd5 Kb6 37. Bxc6 Rxc6 38. Kb3 Kc7 39. a4 Rc4 40. Re2 Bg5 41. Re1 Bh6 42. axb5 axb5 43. Kc2 Bf8 44. Rd5 Kb6 45. Kd3 Rc8 46. Rh1 Be7 47. Rxh4 Rg8 48. Rh7 Rg3+ 49. Kc2 Rxg2+ 50. Rd2 Rg8 51. Rxf7 Re8 52. Rxe7 1-0

[Event "Corsico 2nd"]
[Site "Corsico"]
[Date "2004.10.03"]
[Round "3"]
[White "Lapiccirella, Mattia"]
[Black "Vancini, Edoardo"]
[Result "1/2-1/2"]
[WhiteElo "2236"]
[BlackElo "2288"]
[PlyCount "134"]
[EventDate "2004.10.02"]
[EventType "tourn"]
[EventRounds "7"]
[EventCountry "ITA"]
[SourceTitle "EXT 2008"]
[Source "ChessBase"]
[SourceDate "2007.11.25"]
[SourceVersion "1"]
[SourceVersionDate "2007.11.25"]
[SourceQuality "1"]

1. d4 e6 2. e4 d5 3. Nd2 Be7 4. Bd3 c5 5. exd5 exd5 6. dxc5 Nd7 7. Nb3 Nxc5 8. Nxc5 Bxc5 9. Nf3 Nf6 10. 0-0 0-0 11. c3 h6 12. h3 a5 13. Bf4 Qb6 14. Qc2 Re8 15. Be5 Ne4 16. Bd4 Qc7 17. Bxc5 Nxc5 18. Rfe1 Bd7 19. Nd4 Qf4 20. Bh7+ Kh8 21. Bf5 Bc6 22. g3 Qd6 23. Rad1 g6 24. Bd3 Bd7 25. Bf1 Re5 26. Rxe5 Qxe5 27. Qd2 Kh7 28. Nc2 Be6 29. Qd4 Qc7 30. Ne3 Rd8 31. c4 Ne4 32. Nxd5 Bxd5 33. cxd5 Qc2 34. Bg2 Nd6 35. Rd2 Qb1+ 36. Kh2 Qxa2 37. Qf6 Rd7 38. h4 Qb1 39. Bh3 Ne4 40. Qf4 Nxd2 41. Bxd7 Qxb2 42. Qxf7+ Qg7 43. Qe8 Qf6 44. f4 Nf3+ 45. Kg2 Nd4 46. Be6 h5 47. Qg8+ Kh6 48. Qa8 b6 49. Kh2 a4 50. Qxa4 Nxe6 51. dxe6 Qxe6 52. Qa1 Kh7 53. Qa7+ Kg8 54. Qb8+ Kf7 55. Qc7+ Kf6 56. Qc3+ Ke7 57. Qc7+ Ke8 58. Qb8+ Ke7 59. Qc7+ Kf8 60. Qb8+ Kg7 61. Qa7+ Kh6 62. Qa1 Qe2+ 63. Kh3 Qe8 64. Qf6 Qc8+ 65. Kh2 Qc2+ 66. Kg1 Qc1+ 67. Kf2 Qd2+ 1/2-1/2

[Event "Bratto op 24th"]
[Site "Bratto"]
[Date "2004.08.28"]
[Round "9"]
[White "Zoldan, Matteo"]
[Black "Lapiccirella, Mattia"]
[Result "0-1"]
[WhiteElo "2103"]
[BlackElo "2233"]
[PlyCount "84"]
[EventDate "2004.08.20"]
[EventType "swiss"]
[EventRounds "9"]
[EventCountry "ITA"]
[SourceTitle "CBM 101 Extra"]
[Source "ChessBase"]
[SourceDate "2004.09.01"]
[SourceVersion "2"]
[SourceVersionDate "2004.09.01"]
[SourceQuality "1"]

1. c4 Nf6 2. Nc3 c5 3. e4 d6 4. g3 e6 5. Bg2 Be7 6. Nge2 0-0 7. 0-0 a6 8. d4 cxd4 9. Nxd4 Qc7 10. Qe2 Nc6 11. Nxc6 bxc6 12. Re1 e5 13. b3 a5 14. Ba3 Ba6 15. Rac1 Rfd8 16. Red1 Ne8 17. Qe3 h6 18. Rc2 Nf6 19. Rcd2 Rab8 20. c5 dxc5 21. Bxc5 Rxd2 22. Rxd2 Ng4 23. Qf3 Nxh2 24. Kxh2 Bxc5 25. Bh3 Rd8 26. Qd1 Rxd2 27. Qxd2 Bb4 28. Qe3 Qd6 29. Bg4 Bc5 30. Qe1 Bb4 31. Qe3 Bc5 32. Qe1 Qd4 33. Nd1 Bd3 34. Qxa5 Bxe4 35. Qc3 Qd6 36. Be2 Bd4 37. Qd2 Qe6 38. Kg1 Qf5 39. g4 Qf6 40. Ne3 Qh4 41. f3 Qg3+ 42. Kf1 Bxf3 0-1